| Tag |
First Indicator |
Second Indicator |
Subfields |
| LEADER |
00000pam a2200000 i 4500 |
| 001 |
in00000096309 |
| 005 |
20150925090047.0 |
| 008 |
741126s1974 dcua b 10000 eng |
| 010 |
|
|
|a 74018965
|
| 020 |
|
|
|a 0309022975
|
| 035 |
|
|
|a (OCoLC)01119517
|
| 035 |
|
|
|9 AAL2274AM
|
| 040 |
|
|
|a DLC
|c DLC
|d TXA
|d UtOrBLW
|
| 049 |
|
|
|a TXAM
|c [719699]
|
| 050 |
0 |
0 |
|a TE251
|b .I55
|
| 082 |
0 |
|
|a 625.8
|
| 245 |
0 |
0 |
|a Innovations in construction and maintenance of transportation facilities :
|b proceedings of the sixth summer meeting of the Highway Research Board in cooperation with the Washington State Department of Highways, August 6-8, 1973, Olympia, Washington.
|
| 264 |
|
1 |
|a Washington :
|b Transportation Research Board, National Research Council,
|c 1974.
|
| 300 |
|
|
|a v, 175 pages :
|b illustrations ;
|c 25 cm.
|
| 336 |
|
|
|a text
|b txt
|2 rdacontent
|
| 337 |
|
|
|a unmediated
|b n
|2 rdamedia
|
| 338 |
|
|
|a volume
|b nc
|2 rdacarrier
|
| 490 |
1 |
|
|a TRB special report ; 148
|
| 504 |
|
|
|a Includes bibliographical references.
|
| 650 |
|
0 |
|a Pavements
|x Design and construction
|v Congresses.
|
| 650 |
|
0 |
|a Pavements
|x Maintenance and repair
|x Congresses.
|
| 650 |
|
0 |
|a Bridges
|x Maintenance and repair
|x Congresses.
|
| 710 |
2 |
|
|a National Research Council (U.S.).
|b Highway Research Board.
|
| 710 |
1 |
|
|a Washington (State).
|b Department of Highways.
|
| 830 |
|
0 |
|a Special report (National Research Council (U.S.). Transportation Research Board) ;
|v 148.
|
| 999 |
|
|
|a MARS
|
| 999 |
f |
f |
|s 56f8bd8b-1cc3-3f23-ac02-875559f9ae90
|i edca8d1e-b53b-3053-9477-5d17d5aa2bc8
|t 0
|
| 952 |
f |
f |
|p ric
|a Texas A&M University
|b Rellis Campus
|c Joint Library Facility
|d Remote Storage
|t 0
|e TE251 .I55
|h Library of Congress classification
|i unmediated -- volume
|m A14805389367
|
| 998 |
f |
f |
|a TE251 .I55
|t 0
|l Remote Storage
|